000 01082nam a2200289 i 4500
003 EG-GICUC
005 20260216092430.0
008 260216s1981 fr ||||fr ||| 00| 0 fre d
020 _a2222029600
040 _aEG-GICUC
_cEG-GICUC
_dEG-GICUC
_erda
_bfre
082 0 4 _221
_a341.79
_bIN . R
092 0 4 _221
099 _aLaw1 11 341.79 IN . R 1981
110 _aInstitut français des sciences administratives
_bSection inter-régionale pour le Nord de la France
_eAuteur
245 _aLa Réforme Des Collectivités Locales En Europe Du Nord-Ouest /
_cInstitut Français Des Sciences Administratives .
264 0 _aParis :
_bÉditions Du Centre National De La Recherche Scientifique ,
_c1981 .
300 _a270 Pages;
_c30 cm.
336 _atext
_2rda content
337 _aComputer
_2rda media
338 _aOnline Resource
_2rda carrier
546 _aTexte en français
650 0 4 _aDroit International Public
650 0 4 _aDroit Commercial International
856 _uhttps://fll.law.cu.edu.eg/fulltext/th/B11-07871.pdf
905 _a59
942 _2ddc
_cBK
_e21
_n0
999 _c63182
_d63182